Catalog

Record Details

Catalog Search



Computational Earthquake Physics: Simulations, Analysis and Infrastructure, Part I Cover Image E-book E-book

Computational Earthquake Physics: Simulations, Analysis and Infrastructure, Part I [electronic resource] / edited by Xiang-chu Yin, Peter Mora, Andrea Donnellan, Mitsuhiro Matsu’ura.

Yin, Xiang-chu. (editor.). Mora, Peter. (editor.). Donnellan, Andrea. (editor.). Matsu’ura, Mitsuhiro. (editor.). SpringerLink (Online service) (Added Author).

Record details

  • ISBN: 9783764379926
  • Physical Description: 310 p. online resource.
  • Publisher: Basel : Birkhäuser Basel, 2006.
Subject: Geosciences.
Computer Applications in Geosciences.

Electronic resources


LDR 01392nam a22003495i 4500
00130788
003CONS
00520131217174212.0
007cr nn 008mamaa
008100301s2006 sz | s |||| 0|eng d
020 . ‡a9783764379926 ‡9978-3-7643-7992-6
0247 . ‡a10.1007/978-3-7643-7992-6 ‡2doi
035 . ‡a(DE-He213)978-3-7643-7992-6
1001 . ‡aYin, Xiang-chu. ‡eeditor.
24510. ‡aComputational Earthquake Physics: Simulations, Analysis and Infrastructure, Part I ‡h[electronic resource] / ‡cedited by Xiang-chu Yin, Peter Mora, Andrea Donnellan, Mitsuhiro Matsu’ura.
264 1. ‡aBasel : ‡bBirkhäuser Basel, ‡c2006.
300 . ‡a310 p. ‡bonline resource.
336 . ‡atext ‡btxt ‡2rdacontent
337 . ‡acomputer ‡bc ‡2rdamedia
338 . ‡aonline resource ‡bcr ‡2rdacarrier
347 . ‡atext file ‡bPDF ‡2rda
4901 . ‡aPageoph Topical Volumes
65014. ‡aGeosciences.
65024. ‡aComputer Applications in Geosciences.
7001 . ‡aMora, Peter. ‡eeditor.
7001 . ‡aDonnellan, Andrea. ‡eeditor.
7001 . ‡aMatsu’ura, Mitsuhiro. ‡eeditor.
7102 . ‡aSpringerLink (Online service)
7730 . ‡tSpringer eBooks
77608. ‡iPrinted edition: ‡z9783764379919
830 0. ‡aPageoph Topical Volumes
85640. ‡uhttp://biblioteca.ipicyt.edu.mx:2048/login?url=http://dx.doi.org/10.1007/978-3-7643-7992-6 ‡yTexto completo ‡9CONS
950 . ‡aEarth and Environmental Science (Springer-11646)
901 . ‡a30788 ‡b ‡c30788 ‡tbiblio ‡sSystem Local

Additional Resources